Enhanced single phase active power filter by using fuzzy logic controll /
Saved in:
| 主要作者: | |
|---|---|
| 格式: | Thesis 图书 |
| 语言: | English |
| 出版: |
2009.
|
| 主题: | |
| 标签: |
添加标签
没有标签, 成为第一个标记此记录!
|
| LEADER | 01137cam a2200289 a 4500 | ||
|---|---|---|---|
| 001 | u803633 | ||
| 003 | SIRSI | ||
| 005 | 201012220824 | ||
| 008 | 101222s2009 my a t 000 0 eng m | ||
| 040 | |a UMM |d UMJ | ||
| 090 | |a TK7 |b UM 2009 Lim | ||
| 097 | |a TK7 |b UM 2009 Lim | ||
| 100 | 1 | |a Lim, Seong Han. | |
| 245 | 1 | 0 | |a Enhanced single phase active power filter by using fuzzy logic controll / |c Lim Seong Han. |
| 260 | |c 2009. | ||
| 300 | |a xviii, 95 [8] leaves : |b ill. ; |c 30 cm. | ||
| 502 | |a Dissertation (M.Eng.(Electr.Energy Power Syst.)) -- Jabatan Kejuruteraan Elektrik, Fakulti Kejuruteraan, Universiti Malaya, 2010. | ||
| 504 | |a Bibliography: leaves [96-103] | ||
| 650 | 0 | |a Power electronics |x Equipment and supplies. | |
| 650 | 0 | |a Electric controllers. | |
| 650 | 0 | |a Fuzzy logic. | |
| 650 | 0 | |a Harmonics (Electric waves). | |
| 710 | 2 | 0 | |a Universiti Malaya. |b Jabatan Kejuruteraan Elektrik. |
| 900 | |a SMS-ZA | ||
| 596 | |a 1 7 | ||
| 999 | |a TK7 UM 2009 LIM |w LC |c 1 |i A514344340 |d 28/3/2011 |f 28/3/2011 |g 1 |l STACKS |m P01UTAMA |r Y |s Y |t TESIS |u 24/3/2011 | ||
| 999 | |a TK7 UM 2009 LIM |w LC |c 1 |i A514344305 |l STACKS |m P07JURUTER |r Y |s Y |t TESIS |u 10/6/2011 | ||
